000 00469nam a2200169 i 4500
001 63442
003 ES-MaACL
005 20230906164853.0
007 t|
008 031210s1968 sp ||||1| spa d
100 1 _aFerrer Benimeli, José A.
_950445
245 1 3 _aLa masonería después del Concilio /
_cJ.A. Ferrer Benimeli.
250 _a[1ª ed.].
260 _a[Barcelona] :
_bAHR,
_c[1968]
300 _a331 p. ;
_c22 cm.
852 _aES-MaACL
_jC-24486
_bR.65709
999 _c63442
_d63442